Perspectives on gender discourse (Record no. 4070)
[ view plain ]
| 000 -LEADER | |
|---|---|
| fixed length control field | 00350nam a22001217a 4500 |
| 003 - CONTROL NUMBER IDENTIFIER | |
| control field | OSt |
| 005 - DATE AND TIME OF LATEST TRANSACTION | |
| control field | 20250130162254.0 |
| 008 - FIXED-LENGTH DATA ELEMENTS--GENERAL INFORMATION | |
| fixed length control field | 250130b |||||||| |||| 00| 0 eng d |
| 040 ## - CATALOGING SOURCE | |
| Transcribing agency | Parliament |
| 100 ## - MAIN ENTRY--PERSONAL NAME | |
| 9 (RLIN) | 5 |
| Personal name | Muteshi,Jacinta K...(et al.) |
| 245 ## - TITLE STATEMENT | |
| Title | Perspectives on gender discourse |
| Remainder of title | Transitional justice in Kenya the gender question |
| 942 ## - ADDED ENTRY ELEMENTS (KOHA) | |
| Source of classification or shelving scheme | Dewey Decimal Classification |
| Koha item type | Books |
| Withdrawn status | Lost status | Source of classification or shelving scheme | Damaged status | Not for loan | Home library | Current library | Date acquired | Total Checkouts | Full call number | Barcode | Date last seen | Price effective from | Koha item type |
|---|---|---|---|---|---|---|---|---|---|---|---|---|---|
| Dewey Decimal Classification | Bunge Tower Library | Bunge Tower Library | 01/30/2025 | 323.4 MUT | 2025/0024 | 01/30/2025 | 01/30/2025 | Books |
